| Record ID | ia:heartstone00brod |
| Source | Internet Archive |
| Download MARC XML | https://archive.org/download/heartstone00brod/heartstone00brod_marc.xml |
| Download MARC binary | https://www.archive.org/download/heartstone00brod/heartstone00brod_meta.mrc |
LEADER: 00935cam 2200325 a 4500
001 2005004985
003 DLC
005 20050712072506.0
008 050218s2005 meu 000 1 eng
010 $a 2005004985
020 $a1594142890 (hc : alk. paper)
040 $aDLC$cDLC$dDLC
043 $an-us-il
050 00 $aPS3552.R6148$bH43 2005
082 00 $a813/.54$222
100 1 $aBrod, D. C.
245 10 $aHeartstone /$cD.C. Brod.
250 $a1st ed.
260 $aWaterville, Me. :$bFive Star,$c2005.
300 $a483 p. ;$c23 cm.
650 0 $aWomen teachers$vFiction.
650 0 $aFathers and daughters$vFiction.
651 0 $aQuests (Expeditions)$vFiction.
650 0 $aMissing persons$vFiction.
651 0 $aChicago (Ill.)$vFiction.
650 0 $aArchaeologists$vFiction.
650 0 $aIslands$vFiction.
650 0 $aRelics$vFiction.
655 7 $aPsychological fiction.$2lcsh
655 7 $aFantasy fiction.$2gsafd